|
|
|
|
| LEADER |
00000nam2a2200000 4500 |
| 001 |
264509 |
| 005 |
20231031222817.0 |
| 010 |
|
|
|b 5300 экз.
|
| 035 |
|
|
|a (RuTPU)RU\TPU\book\287501
|
| 035 |
|
|
|a RU\TPU\book\275297
|
| 090 |
|
|
|a 264509
|
| 100 |
|
|
|a 20140619d1936 m y0rusy50 ca
|
| 101 |
0 |
|
|a rus
|
| 102 |
|
|
|a RU
|
| 105 |
|
|
|a c z 001zb
|
| 200 |
0 |
|
|a Т. 3 (1882-1890)
|
| 210 |
|
|
|d 1936
|
| 215 |
|
|
|a 683 с.
|c портр.
|
| 320 |
|
|
|a Примечания: с. 609-650
|
| 320 |
|
|
|a Указатель собственных имен: с. 651-668
|
| 320 |
|
|
|a Указатель произведений Чайковского: с. 669-672
|
| 320 |
|
|
|a Перечень иллюстраций: с. 673.
|
| 461 |
|
1 |
|0 (RuTPU)RU\TPU\book\275289
|t Переписка с Н. Ф. фон Мекк (1876-1890)
|o в 3-х тт.
|f П. И. Чайковский
|g ред. и прим. В. А. Жданова, Н. Т. Жегина
|v Т. 3 (1882-1890)
|d 1934-1936
|s Музыка. Под общей ред. А. К. Дживелегова
|
| 610 |
1 |
|
|a музыка
|
| 610 |
1 |
|
|a русская музыка
|
| 610 |
1 |
|
|a 19 век
|
| 610 |
1 |
|
|a Россия
|
| 610 |
1 |
|
|a история
|
| 610 |
1 |
|
|a переписка
|
| 610 |
1 |
|
|a композиторы
|
| 675 |
|
|
|a 78.071.1(092)
|v 3
|
| 801 |
|
1 |
|a RU
|b 63413507
|c 20140306
|
| 801 |
|
2 |
|a RU
|b 63413507
|c 20221124
|g RCR
|
| 942 |
|
|
|c BK
|